Statistics for Largest Current Wars

Click here to take the quiz!

General Stats

  • This quiz has been taken 68 times
  • The average score is 7 of 15

Answer Stats

Fatalities (2020)Conflict% Correct
2,510Iraq Conflict
95%
7,245Syrian Civil War
95%
19,444Afghanistan Conflict
88%
19,056Yemeni Crisis
83%
7,975Mexican Drug War
66%
3,082Somali Civil War
66%
1,600+Tigray Conflict
53%
7,300+Boko Haram Insurgency
52%
2,252Ethnic Violence in South Sudan
52%
2,754+Mali War
43%
1,717Insurgency in Cabo Delgado
19%
6,935Nagorno-Karabakh Conflict
16%
3,319+Kivu Conflict
7%
6,700+Insurgency in the Maghreb
5%
1,750Ituri Conflict
5%

Score Distribution

Percentile by Number Answered

Percent of People with Each Score

Your Score History

You have not taken this quiz